000 00389 a2200121 4500
001 ART_30608
005 20260410162002.0
008 260409a
245 1 0 _aAplicación de Fuzzy Sets al cálculo del valor actual neto
100 1 _aGarcía Fronti, Javier I.
700 1 _aCasparri, María Teresa
773 0 _tForo económico
_g- Año II, Nº 3 (nov. 1996)
_wREV30369
999 _c31412
_d31412